[Event "RUS-chT2 12th"]
[Site "Smolensk"]
[Date "2005.02.10"]
[Round "9"]
[White "Petrov, Sergei"]
[Black "Tsigankov, Igor"]
[Result "1-0"]
[WhiteElo "2386"]
[BlackElo "2217"]
[PlyCount "55"]
[EventDate "2005.02.03"]
[EventType "team"]
[EventRounds "11"]
[EventCountry "RUS"]
[SourceTitle "CBM 104 Extra"]
[Source "ChessBase"]
[SourceDate "2005.03.01"]
[SourceVersion "1"]
[SourceVersionDate "2005.03.01"]
[SourceQuality "1"]

1. c4 e6 2. Nc3 d5 3. d4 Nf6 4. Nf3 Be7 5. Bg5 c6 6. e3 Ne4 7. Bxe7 Qxe7 8. Qc2 Nxc3 9. Qxc3 0-0 10. Be2 Nd7 11. Rc1 Re8 12. cxd5 exd5 13. 0-0 Nf6 14. Qc5 Qd8 15. Bd3 Nd7 16. Qd6 Re6 17. Qg3 Nf8 18. b4 a6 19. a4 Bd7 20. Ne5 Be8 21. Bf5 Rf6 22. Bc2 Rd6 23. Rfd1 Qe7 24. Rb1 Kh8 25. Rdc1 Rc8 26. Rb2 Qe6 27. Qh4 f6 28. Nd3 1-0